<?xml version="1.0" encoding="UTF-8"?>
<collection xmlns="http://www.loc.gov/MARC21/slim">
 <record>
  <leader>01723nam a22002297a 4500</leader>
  <controlfield tag="001">NCT_143967</controlfield>
  <controlfield tag="008">211122b        xxu||||| |||| 00| 0 vie d</controlfield>
  <datafield tag="999" ind1=" " ind2=" ">
   <subfield code="c">7413</subfield>
   <subfield code="d">7413</subfield>
  </datafield>
  <datafield tag="020" ind1=" " ind2=" ">
   <subfield code="a">9786043003505</subfield>
   <subfield code="c">189000</subfield>
  </datafield>
  <datafield tag="082" ind1="0" ind2="4">
   <subfield code="2">23rd ed.</subfield>
   <subfield code="a">381.142</subfield>
   <subfield code="b">Kh452</subfield>
  </datafield>
  <datafield tag="100" ind1="1" ind2=" ">
   <subfield code="a">Nguyễn Việt Khôi</subfield>
  </datafield>
  <datafield tag="245" ind1="1" ind2="0">
   <subfield code="a">Giáo trình Thương mại điện tử :</subfield>
   <subfield code="b">Từ lý thuyết đến ứng dụng</subfield>
   <subfield code="c">Nguyễn Việt Khôi</subfield>
  </datafield>
  <datafield tag="260" ind1=" " ind2=" ">
   <subfield code="a">H.</subfield>
   <subfield code="b">Đại học Quốc gia</subfield>
   <subfield code="c">2020</subfield>
  </datafield>
  <datafield tag="300" ind1=" " ind2=" ">
   <subfield code="a">391 tr.</subfield>
   <subfield code="b">Minh họa</subfield>
   <subfield code="c">24cm</subfield>
  </datafield>
  <datafield tag="500" ind1=" " ind2=" ">
   <subfield code="a">ĐTTS ghi: Đại học Quốc gia Hà Nội. Trường Đại học Kinh Tế</subfield>
  </datafield>
  <datafield tag="520" ind1="3" ind2=" ">
   <subfield code="a">Nội dung sách bao gồm: Tổng quan thương mại điện tử; Thị trường điện tử- Cấu trúc, công cụ và những tác động kinh tế; Bán lẻ(B2C) trong thương mại điện tử; Thương mại điện tử B2C; Chuỗi cung ứng điện tử, thương mại hợp tác và cổng thông tin; Hệ thống thanh toán điện tử; Hành vi khách hàng và Marketing trên Internet.</subfield>
  </datafield>
  <datafield tag="653" ind1=" " ind2=" ">
   <subfield code="a">Thương mại điện tử</subfield>
  </datafield>
  <datafield tag="942" ind1=" " ind2=" ">
   <subfield code="2">ddc</subfield>
   <subfield code="c">BK</subfield>
  </datafield>
  <datafield tag="952" ind1=" " ind2=" ">
   <subfield code="0">0</subfield>
   <subfield code="1">0</subfield>
   <subfield code="2">ddc</subfield>
   <subfield code="4">0</subfield>
   <subfield code="6">381_142000000000000_KH452</subfield>
   <subfield code="7">0</subfield>
   <subfield code="9">26632</subfield>
   <subfield code="a">000001</subfield>
   <subfield code="b">000001</subfield>
   <subfield code="d">2023-01-16</subfield>
   <subfield code="o">381.142 Kh452</subfield>
   <subfield code="p">MD.21033</subfield>
   <subfield code="r">2023-01-16</subfield>
   <subfield code="v">189000.00</subfield>
   <subfield code="w">2023-01-16</subfield>
   <subfield code="y">BK</subfield>
  </datafield>
  <datafield tag="952" ind1=" " ind2=" ">
   <subfield code="0">0</subfield>
   <subfield code="1">0</subfield>
   <subfield code="2">ddc</subfield>
   <subfield code="4">0</subfield>
   <subfield code="6">381_142000000000000_KH452</subfield>
   <subfield code="7">0</subfield>
   <subfield code="9">26633</subfield>
   <subfield code="a">000001</subfield>
   <subfield code="b">000001</subfield>
   <subfield code="d">2023-01-16</subfield>
   <subfield code="o">381.142 Kh452</subfield>
   <subfield code="p">MD.21034</subfield>
   <subfield code="r">2023-01-16</subfield>
   <subfield code="v">189000.00</subfield>
   <subfield code="w">2023-01-16</subfield>
   <subfield code="y">BK</subfield>
  </datafield>
  <datafield tag="952" ind1=" " ind2=" ">
   <subfield code="0">0</subfield>
   <subfield code="1">0</subfield>
   <subfield code="2">ddc</subfield>
   <subfield code="4">0</subfield>
   <subfield code="6">381_142000000000000_KH452</subfield>
   <subfield code="7">0</subfield>
   <subfield code="9">26634</subfield>
   <subfield code="a">000001</subfield>
   <subfield code="b">000001</subfield>
   <subfield code="d">2023-01-16</subfield>
   <subfield code="o">381.142 Kh452</subfield>
   <subfield code="p">MD.21035</subfield>
   <subfield code="r">2023-01-16</subfield>
   <subfield code="v">189000.00</subfield>
   <subfield code="w">2023-01-16</subfield>
   <subfield code="y">BK</subfield>
  </datafield>
  <datafield tag="980" ind1=" " ind2=" ">
   <subfield code="a">Thư viện Trường Đại học Nam Cần Thơ</subfield>
  </datafield>
 </record>
</collection>
